Ganadería : (divulgaciones propias para temas escolares)

Gespeichert in:
Bibliographische Detailangaben
1. Verfasser: Espinal Olcoz, Juan
Format: Buch
Sprache:Spanisch
Erschienen: Teruel : Junta Provincial de Fomento Pecuario , 1946
Katalog:MANES:  Suchergebnis im Bibliothekskatalog
Schulbuchspezifische Eigenschaften:
Schlagworte:
Tags: Tag hinzufügen
Keine Tags, Fügen Sie den ersten Tag hinzu!
Hinzugefügt zu:13.05.2002
Geändert in:07.05.2025

MARC

LEADER 00000cam a2200000 i 4500
005 20250507134556.0
008 020514s1946 espa 000 0 spa
040 |a uned  |b spa  |c entro-manes 
100 1 |a Espinal Olcoz, Juan  |9 40821 
245 1 0 |a Ganadería :   |b (divulgaciones propias para temas escolares) /   |c por Juan Espinal Olcoz ; ilustraciones de A. Casinos 
260 |a Teruel  |b  : Junta Provincial de Fomento Pecuario  |c , 1946 
300 |a 203 p. :   |b il. 
500 |a Subtít. de la cub.: Libro escolar, último grado escuela primaria 
546 |a España 
561 |5 es-BUNED  |3 L.T. 3139  |a España. Fondo Manes UNED  |k MANES 
650 7 |a Ganadería  |9 40822 
691 0 |a PRI 
942 |2 ddc  |c BK 
999 |c 97686  |d 97686 
999 |c manes:97686  |d 97686